La Venganza de la historia /

Gespeichert in:
Bibliographische Detailangaben
1. Verfasser: Tertsch, Hermann (autor)
Format: Buch
Sprache:Spanisch
Veröffentlicht: Madrid, España : El País : Aguilar, 1993, c1993
Ausgabe:3a edición
Schlagworte:
Tags: Tag hinzufügen
Keine Tags, Fügen Sie das erste Tag hinzu!

MARC

LEADER 00000nam^a2200000^a^4500
001 000062758
005 20250521000000.0
009 20260310091002.735
020 |a 84-03-59310-4 
037 |a Acervo ITESO - Biblioteca 
041 |a ESP 
082 |a 320. 949703  |b TER 
100 |a Tertsch, Hermann  |e (autor) 
245 1 3 |a La Venganza de la historia /  |c H. Tertsch. 
250 |a 3a edición 
264 4 |a Madrid, España :  |b El País :  |b Aguilar,  |c 1993, c1993 
300 |a 268 p. 
336 |a texto  |b txt  |2 rdacontenido 
337 |a sin mediación  |b n  |2 rdamedio 
338 |a volumen  |b nc  |2 rdasoporte 
649 |a XX 
650 |a Yugoslavia -  |x Historia -  |y 1992-2003 
650 |a Guerra Yugoslava, 1991-1996 
650 |a Europa -  |x Condiciones Políticas 
650 |a Europa -  |x Historia -  |y Siglo XX 
650 |a Nacionalismo 
650 |a Genocidio 
650 |a Racismo 
650 |a Caída del Socialismo 
910 |a Fondo General 
920 |a Impresos - Libros 
930 |a Colección General 
905 |a 101 
901 |a 0500016124  |b IT1  |c ACC  |u 20250521 
902 |a https://opac.biblio.iteso.mx/vufind/Record/000062758